Statistics for Top 20 biggest airports

Click here to take the quiz!

General Stats

  • This quiz has been taken 248 times
    (233 since last reset)
  • The average score is 10 of 20

Answer Stats

No.Answer% Correct
11London
86%
1Atlanta
81%
19New York
81%
4Los Angeles
79%
5Beijing
74%
10Paris
74%
18Tokyo
70%
2Chicago
69%
12Frankfurt
55%
3Dallas
50%
13Amsterdam
46%
20San Francisco
45%
14Istanbul
40%
16Toronto
40%
9Houston
39%
6Denver
38%
8Las Vegas
19%
7Charlotte
10%
15Shangai
5%
17Harbor
2%

Score Distribution

Percentile by Number Answered

Percent of People with Each Score

Your Score History

You have not taken this quiz since the last reset